000 00481nam a22001577a 4500
082 _a530
_bING
_cL-6, P-73
100 _aIngersoll, Leonard Rose
_939730
245 _aA laboratory manual of experiments in physics
_cIngersoll, Leonard Rose
250 _a6th ed
260 _aUSA
_bMcgraw-hill book company
_c1953
300 _axi, 286p.:
_bill,;
526 _a0
_b0
_c0
_d530_000000000000000_ING
650 _aMCE
_9379
700 _aIngersoll, Leonard Rose
_939730
942 _2ddc
_cBK
999 _c544176
_d544176